[Event "Lvov"]
[Site "Lvov"]
[Date "1983.??.??"]
[Round "?"]
[White "Panchenko, Alexander N"]
[Black "Karsa, Laszlo"]
[Result "1/2-1/2"]
[WhiteElo "2475"]
[BlackElo "2460"]
[PlyCount "46"]
[EventDate "1983.06.??"]
[Source "ChessBase"]

1. e4 e5 2. Nf3 Nc6 3. Bb5 a6 4. Ba4 Nf6 5. O-O Nxe4 6. d4 b5 7. Bb3 d5 8. dxe5 Be6 9. Qe2 Be7 10. Rd1 O-O 11. c4 bxc4 12. Bxc4 Bc5 13. Be3 Bxe3 14. Qxe3 Qb8 15. Bb3 Na5 16. Nbd2 Qa7 17. Rac1 Qxe3 18. fxe3 Rac8 19. Nxe4 Nxb3 20. axb3 dxe4 21. Ng5 Bxb3 22. Rd7 Rfe8 23. Rcxc7 Rxc7 1/2-1/2

[Event "Warszawa Cup5-A"]
[Site "Warsaw POL"]
[Date "1979.??.??"]
[Round "11"]
[White "Vogt, Lothar H"]
[Black "Sznapik, Aleksander"]
[Result "1/2-1/2"]
[WhiteElo "2500"]
[BlackElo "2435"]
[PlyCount "41"]
[EventDate "1979.05.??"]
[Source "www.chesslib.no"]
[SourceDate "2004.05.04"]

1. e4 e5 2. Nf3 Nc6 3. Bb5 a6 4. Ba4 Nf6 5. O-O Nxe4 6. d4 b5 7. Bb3 d5 8. dxe5 Be6 9. Qe2 Be7 10. Rd1 O-O 11. c4 bxc4 12. Bxc4 Bc5 13. Be3 Bxe3 14. Qxe3 Qb8 15. Bb3 Na5 16. Nbd2 Qa7 17. Qxa7 Rxa7 18. Nxe4 Nxb3 19. axb3 dxe4 20. Nd4 c5 21. Nxe6 1/2-1/2

[Event "New York MCC"]
[Site "New York"]
[Date "1980.??.??"]
[Round "10"]
[White "Valvo, Michael J"]
[Black "Peters, John A"]
[Result "1-0"]
[WhiteElo "2465"]
[BlackElo "2465"]
[PlyCount "115"]
[EventDate "1980.??.??"]
[Source "ChessBase"]

1. e4 e5 2. Nf3 Nc6 3. Bb5 a6 4. Ba4 Nf6 5. O-O Nxe4 6. d4 b5 7. Bb3 d5 8. dxe5 Be6 9. Qe2 Be7 10. Rd1 O-O 11. c4 bxc4 12. Bxc4 Bc5 13. Be3 Bxe3 14. Qxe3 f5 15. exf6 Qxf6 16. Rxd5 Bxd5 17. Bxd5+ Kh8 18. Bxe4 Qxb2 19. Qc3 Rad8 20. Bc2 Qc1+ 21. Ne1 Nd4 22. Bd3 Qf4 23. Qd2 Rde8 24. f3 Rxe1+ 25. Qxe1 Nxf3+ 26. gxf3 Qd4+ 27. Kh1 Qxa1 28. Qh4 h6 29. Qe4 g6 30. Qxg6 Qg7 31. Qxg7+ Kxg7 32. Kg2 Rb8 33. Kg3 c5 34. Nc3 c4 35. Be4 Kf6 36. Kf4 Rb2 37. h3 Rh2 38. Bf5 a5 39. a4 Rb2 40. Nd5+ Kg7 41. Ke5 Rb3 42. Kd4 Rxf3 43. Bd7 c3 44. Nxc3 Kf6 45. Nd5+ Kg5 46. Nb6 Rf7 47. Kc5 Re7 48. Kd6 Re4 49. Kd5 Re3 50. Nc4 Rd3+ 51. Kc6 Rd4 52. Be6 Kh4 53. Kc5 Re4 54. Bd7 Re7 55. Kd6 Rxd7+ 56. Kxd7 Kxh3 57. Nxa5 h5 58. Nc4 1-0

[Event "JUG Cup"]
[Site "Ulcinj"]
[Date "1997.??.??"]
[Round "?"]
[White "Savanovic, Aleksandar"]
[Black "Todorovic, Goran M"]
[Result "1-0"]
[WhiteElo "2415"]
[BlackElo "2510"]
[PlyCount "113"]
[EventDate "1997.??.??"]
[Source "www.chesslib.no"]
[SourceDate "2004.05.04"]

1. e4 e5 2. Nf3 Nc6 3. Bb5 a6 4. Ba4 Nf6 5. O-O Nxe4 6. d4 b5 7. Bb3 d5 8. dxe5 Be6 9. Qe2 Be7 10. Rd1 Nc5 11. Nc3 Nxb3 12. cxb3 O-O 13. Be3 Qd7 14. Rd2 Bb4 15. Rad1 Ne7 16. a3 Bxc3 17. bxc3 Rfe8 18. h3 Ng6 19. Bg5 h6 20. Bh4 c5 21. Bg3 a5 22. Nh4 d4 23. Nxg6 fxg6 24. cxd4 Bxb3 25. Rb1 Bc4 26. dxc5 Qf5 27. Qe1 Rac8 28. Rbd1 a4 29. Qe3 g5 30. f4 g4 31. h4 Bb3 32. Rc1 Rc7 33. Rd6 Rec8 34. Qd4 Kh7 35. c6 Bc4 36. Rxc4 bxc4 37. Qxc4 Rb8 38. Kh2 Rb1 39. Rd7 Rc8 40. Rf7 Rxc6 41. Qxc6 Qxf7 42. Qc2+ Qg6 43. f5 Qb6 44. f6+ Kg8 45. Qc8+ Kh7 46. Qf5+ Kg8 47. f7+ Kf8 48. Bf2 g3+ 49. Kxg3 Rb3+ 50. Kg4 Qb5 51. Kh5 Qd5 52. Kg6 Rc3 53. e6 Qxf5+ 54. Kxf5 Rc4 55. Ke5 Rc2 56. Bd4 g5 57. Kf6 1-0

[Event "Le Havre"]
[Site "Le Havre"]
[Date "1977.??.??"]
[Round "4"]
[White "Tatai, Stefano"]
[Black "Ornstein, Axel O"]
[Result "1/2-1/2"]
[WhiteElo "2480"]
[BlackElo "2440"]
[PlyCount "65"]
[EventDate "1977.??.??"]
[Source "www.chesslib.no"]
[SourceDate "2004.05.04"]

1. e4 e5 2. Nf3 Nc6 3. Bb5 Nf6 4. O-O Nxe4 5. d4 a6 6. Ba4 b5 7. Bb3 d5 8. dxe5 Be6 9. Qe2 Nc5 10. Rd1 Be7 11. Nc3 Nxb3 12. cxb3 O-O 13. h3 Nb8 14. Qd3 c6 15. Bf4 Nd7 16. Nd4 Rc8 17. Rac1 Kh8 18. Nce2 c5 19. Nf5 f6 20. Ned4 cxd4 21. Rxc8 Qxc8 22. Nxe7 Qc5 23. exf6 Rxf6 24. Bg5 Qxe7 25. Qxd4 h6 26. Bxf6 Nxf6 27. Qe5 Qd7 28. f3 Bf5 29. g4 Bg6 30. Kg2 Qc8 31. Qc3 Qb7 32. Rc1 Kh7 33. Qe5 1/2-1/2

[Event "Berlin Open"]
[Site "Berlin West"]
[Date "1988.??.??"]
[Round "7"]
[White "Ivanovic, Bozidar"]
[Black "Beckemeier, Werner"]
[Result "1/2-1/2"]
[WhiteElo "2540"]
[BlackElo "2380"]
[PlyCount "142"]
[EventDate "1988.08.??"]
[Source "www.chesslib.no"]
[SourceDate "2004.05.04"]

1. e4 e5 2. Nf3 Nc6 3. Bb5 a6 4. Ba4 Nf6 5. O-O Nxe4 6. d4 b5 7. Bb3 d5 8. dxe5 Be6 9. Qe2 Be7 10. Rd1 O-O 11. c4 bxc4 12. Bxc4 Bc5 13. Be3 Bxe3 14. Qxe3 Qb8 15. Bb3 Na5 16. Nbd2 Qa7 17. Nd4 Nxd2 18. Rxd2 c5 19. Nf3 Nxb3 20. Qxb3 Rab8 21. Qa3 Rb5 22. Rc1 Qb6 23. b3 h6 24. h3 Rb8 25. Rdc2 Ra5 26. Qb2 Bf5 27. Re2 Rb5 28. Qd2 Be6 29. Qf4 Rb4 30. Qe3 Re4 31. Qd2 Rxe2 32. Qxe2 a5 33. Nd2 Qb4 34. Qd3 Rc8 35. Qc3 Qa3 36. Kh2 a4 37. Rc2 axb3 38. axb3 Bf5 39. Rc1 Be6 40. f4 d4 41. Qc2 g6 42. Nc4 Bxc4 43. Qxc4 Rc6 44. Rc2 Rb6 45. Qd5 Qxb3 46. Qd8+ Kh7 47. Rxc5 Rb8 48. Qxd4 Rb4 49. Qd2 Qb2 50. Qxb2 Rxb2 51. Rc7 Kg8 52. Rc3 h5 53. Kg3 Kf8 54. f5 gxf5 55. Rf3 Kg7 56. Rxf5 Kg6 57. Rf6+ Kg7 58. Kf3 Rb4 59. Rf4 Rb3+ 60. Ke4 Rg3 61. Rf2 Kg6 62. Ra2 Rb3 63. Ra6+ Kg7 64. Kf4 Rb2 65. g3 Rb3 66. h4 Rb4+ 67. Kf5 Rb3 68. Ra7 Kf8 69. Kf4 Rb4+ 70. Kf3 Rb3+ 71. Kg2 Rb5 1/2-1/2

[Event "Pula CRO"]
[Site "Pula CRO"]
[Date "1988.??.??"]
[Round "?"]
[White "Schmid, Lothar M L"]
[Black "Pachman, Ludek"]
[Result "1/2-1/2"]
[WhiteElo "2530"]
[BlackElo "2380"]
[PlyCount "76"]
[EventDate "1988.??.??"]
[Source "www.chesslib.no"]
[SourceDate "2004.05.04"]

1. e4 e5 2. Nf3 Nc6 3. Bb5 a6 4. Ba4 Nf6 5. O-O Nxe4 6. d4 b5 7. Bb3 d5 8. dxe5 Be6 9. Qe2 Be7 10. Rd1 O-O 11. c4 bxc4 12. Bxc4 Bc5 13. Be3 Bxe3 14. Qxe3 Qb8 15. Bb3 Qb6 16. Qxb6 cxb6 17. Na3 Nb4 18. Nc2 Nxc2 19. Bxc2 Rac8 20. Nd4 a5 21. a3 Rc4 22. f3 Nc5 23. Rd2 g6 24. Kf2 Rc8 25. Ke3 Nd7 26. f4 Nb8 27. Rad1 h5 28. h3 Nc6 29. Bb3 Nxd4 30. Rxd4 Rxd4 31. Kxd4 a4 32. Ba2 Rc2 33. Bxd5 Bxd5 34. Kxd5 Rxb2 35. g4 hxg4 36. hxg4 b5 37. f5 gxf5 38. gxf5 b4 1/2-1/2

[Event "URS-ch sf"]
[Site "Irkutsk"]
[Date "1983.??.??"]
[Round "?"]
[White "Panchenko, Alexander N"]
[Black "Kharitonov, Andrei Y"]
[Result "1/2-1/2"]
[WhiteElo "2475"]
[BlackElo "2430"]
[PlyCount "60"]
[EventDate "1983.09.??"]
[Source "ChessBase"]

1. e4 e5 2. Nf3 Nc6 3. Bb5 a6 4. Ba4 Nf6 5. O-O Nxe4 6. d4 b5 7. Bb3 d5 8. dxe5 Be6 9. Qe2 Be7 10. Rd1 O-O 11. c4 bxc4 12. Bxc4 Bc5 13. Be3 Bxe3 14. Qxe3 Qb8 15. Bb3 Qb6 16. Qxb6 cxb6 17. Na3 Rfd8 18. Rac1 Rac8 19. Kf1 Nc5 20. Nc2 Bg4 21. Bxd5 Bxf3 22. Bxf3 Nxe5 23. Rxd8+ Rxd8 24. Rd1 Rxd1+ 25. Bxd1 Na4 26. Be2 a5 27. b4 Nc3 28. bxa5 bxa5 29. a3 Kf8 30. f4 Nd7 1/2-1/2

[Event "Moscow"]
[Site "Moscow"]
[Date "1982.??.??"]
[Round "?"]
[White "Abramovic, Bosko"]
[Black "Chekhov, Valery A"]
[Result "1/2-1/2"]
[WhiteElo "2445"]
[BlackElo "2460"]
[PlyCount "104"]
[EventDate "1982.05.??"]
[Source "ChessBase"]

1. e4 e5 2. Nf3 Nc6 3. Bb5 a6 4. Ba4 Nf6 5. O-O Nxe4 6. d4 b5 7. Bb3 d5 8. dxe5 Be6 9. Qe2 Be7 10. Rd1 O-O 11. c4 bxc4 12. Bxc4 Bc5 13. Be3 Bxe3 14. Qxe3 Qb8 15. Bb3 Na5 16. Nbd2 Qa7 17. Nxe4 Qxe3 18. fxe3 Nxb3 19. axb3 dxe4 20. Nd4 Rfb8 21. Rac1 Bxb3 22. Rd2 Rb7 23. Nxb3 Rxb3 24. Rxc7 Rd3 25. Rdc2 Rf8 26. Kf2 h6 27. Re7 Rb3 28. h4 h5 29. Ra7 Re8 30. g4 hxg4 31. Rcc7 g3+ 32. Kg2 Rxb2+ 33. Kxg3 Re6 34. h5 Rxe5 35. Rxf7 Rg5+ 36. Kf4 Rbg2 37. Rf5 R5g4+ 38. Ke5 Ra2 39. Ke6 Kh7 40. Ra8 Ra3 41. Rff8 Kh6 42. Rh8+ Kg5 43. h6 gxh6 44. Rag8+ Kh4 45. Rxh6+ Kg3 46. Rxg4+ Kxg4 47. Ke5 Kf3 48. Rh3+ Kg2 49. Rh6 Ra4 50. Rf6 a5 51. Rf4 Ra1 52. Kxe4 a4 1/2-1/2

[Event "Elgoibar"]
[Site "Elgoibar"]
[Date "1996.??.??"]
[Round "2"]
[White "Sion Castro, Marcelino"]
[Black "Fernandez Garcia, Jose Luis"]
[Result "1-0"]
[WhiteElo "2415"]
[BlackElo "2490"]
[PlyCount "71"]
[EventDate "1996.11.??"]
[Source "ChessBase"]

1. e4 e5 2. Nf3 Nc6 3. Bb5 a6 4. Ba4 Nf6 5. O-O Nxe4 6. d4 b5 7. Bb3 d5 8. dxe5 Be6 9. Qe2 Bc5 10. Be3 Ne7 11. c3 Bxe3 12. Qxe3 Nf5 13. Qe2 c5 14. Bc2 Ng5 15. a4 b4 16. Nbd2 Nxf3+ 17. Nxf3 bxc3 18. bxc3 O-O 19. a5 Ne7 20. Rfd1 Qc7 21. Rdb1 Rfb8 22. Rxb8+ Qxb8 23. Rb1 Qc8 24. Rb6 h6 25. h3 Nc6 26. Qd3 g6 27. Qe3 Kh7 28. Nh4 Nxa5 29. Qg3 Qe8 30. f4 Nc6 31. Nxg6 fxg6 32. Rxc6 Ra7 33. Rd6 a5 34. Qh4 Bf5 35. Bxf5 gxf5 36. Rxh6+ 1-0

[Event "Mind Sports Games - Rapid Team"]
[Site "Pechino CINA"]
[Date "2008.10.15"]
[Round "4"]
[White "Espinosa Flores, R."]
[Black "Schneider, Dm"]
[Result "0-1"]
[WhiteElo "2412"]
[BlackElo "2487"]
[PlyCount "90"]
[EventDate "2008.10.14"]
[Source "www.chesslib.no"]
[SourceDate "2004.05.04"]

1. e4 e5 2. Nf3 Nc6 3. Bb5 a6 4. Ba4 Nf6 5. O-O Nxe4 6. d4 b5 7. Bb3 d5 8. dxe5 Be6 9. Qe2 Be7 10. Rd1 Na5 11. c3 Nc4 12. Bc2 Nc5 13. b3 Nb6 14. Nd4 Qd7 15. Nd2 Bg4 16. f3 Bh5 17. Bf5 Ne6 18. Ne4 O-O 19. Ng3 Bg6 20. Nxe6 fxe6 21. Bh3 Qc6 22. Be3 Nd7 23. c4 bxc4 24. bxc4 dxc4 25. Rac1 Nb6 26. Kh1 Ba3 27. Rc3 Bb4 28. Rcc1 c3 29. Ne4 Bxe4 30. fxe4 Kh8 31. Qg4 Ba3 32. Rc2 Rad8 33. Rxd8 Rxd8 34. Bg1 Rd2 35. Qg5 h6 36. Qg6 Rxc2 37. Bf5 Kg8 38. Bxe6+ Kh8 39. Qf7 Qxe6 40. Qxe6 Rc1 41. Qe8+ Kh7 42. e6 c2 43. h4 Rxg1+ 44. Kxg1 c1=Q+ 45. Kh2 Bd6+ 0-1

[Event "Zetters"]
[Site "Birmingham ENG"]
[Date "1975.04.05"]
[Round "9"]
[White "Janosevic, Dragoljub"]
[Black "Haag, Ervin"]
[Result "1/2-1/2"]
[WhiteElo "2465"]
[BlackElo "2430"]
[PlyCount "54"]
[EventDate "1975.03.27"]
[Source "www.chesslib.no"]
[SourceDate "2004.05.04"]

1. e4 e5 2. Nf3 Nc6 3. Bb5 a6 4. Ba4 Nf6 5. O-O Nxe4 6. d4 b5 7. Bb3 d5 8. dxe5 Be6 9. Qe2 Be7 10. Rd1 O-O 11. c4 bxc4 12. Bxc4 Bc5 13. Be3 Bxe3 14. Qxe3 Qb8 15. Bb3 Na5 16. Nbd2 Qa7 17. Nd4 Nxd2 18. Qxd2 Qb6 19. Qe2 c5 20. Nxe6 fxe6 21. Bc2 c4 22. b3 cxb3 23. axb3 Nc6 24. Rac1 Nb4 25. Bb1 Ra7 26. Qe3 Qxe3 27. fxe3 a5 1/2-1/2

[Event "Benasque"]
[Site "?"]
[Date "1993.??.??"]
[Round "?"]
[White "Sax, Gy"]
[Black "Mikhalevski, V."]
[Result "0-1"]
[WhiteElo "2515"]
[BlackElo "2380"]
[PlyCount "78"]
[EventDate "1993.??.??"]
[Source "ChessBase"]
[SourceDate "1993.10.01"]

1. e4 e5 2. Nf3 Nc6 3. Bb5 a6 4. Ba4 Nf6 5. O-O Nxe4 6. d4 b5 7. Bb3 d5 8. dxe5 Be6 9. Qe2 Be7 10. Rd1 O-O 11. c3 Nc5 12. Bc2 Bg4 13. b4 Na4 14. Bf4 Qd7 15. Qd3 g6 16. Qxd5 Qxd5 17. Rxd5 Nb6 18. Rd1 Rad8 19. Rxd8 Rxd8 20. e6 Nd5 21. exf7+ Kg7 22. Bg5 Bxf3 23. Bxe7 Ncxe7 24. gxf3 Nf4 25. a4 Nf5 26. axb5 axb5 27. Bb3 Nh4 28. Nd2 Rxd2 29. Ra8 Ne6 30. Kf1 Kxf7 31. Ra7 Rd7 32. Ra6 Rd6 33. Rxd6 cxd6 34. Bd5 Kf6 35. Bc6 Nc7 36. Ke2 d5 37. Ke3 Nf5+ 38. Kd3 Ke6 39. f4 Kd6 0-1

[Event "Beersheba"]
[Site "Beersheba"]
[Date "1984.??.??"]
[Round "3"]
[White "Murey, Jacob"]
[Black "Unzicker, Wolfgang"]
[Result "0-1"]
[WhiteElo "2435"]
[BlackElo "2455"]
[PlyCount "76"]
[EventDate "1984.02.??"]
[Source "ChessBase"]

1. e4 e5 2. Nf3 Nc6 3. Bb5 a6 4. Ba4 Nf6 5. O-O Nxe4 6. d4 b5 7. Bb3 d5 8. dxe5 Be6 9. Qe2 Nc5 10. Rd1 Be7 11. Be3 Nxb3 12. axb3 Qc8 13. Bg5 O-O 14. Nbd2 Bxg5 15. Nxg5 Bf5 16. Nf1 h6 17. Nf3 Qe6 18. Ne3 Be4 19. c3 Nxe5 20. Nd4 Qg6 21. f3 Bd3 22. Qf2 c5 23. f4 cxd4 24. Nxd5 Nc6 25. cxd4 Rad8 26. Ne3 Nxd4 27. f5 Qb6 28. Rxd3 Nf3+ 29. gxf3 Rxd3 30. Ng4 Qxf2+ 31. Kxf2 Rxb3 32. Rxa6 Rxb2+ 33. Kg3 h5 34. Ne5 Re8 35. Nd3 Rd2 36. Nf4 Rb8 37. Nxh5 b4 38. f6 g6 0-1

[Event "Camp. uzbeco"]
[Site "Tashkent UZB"]
[Date "2008.05.02"]
[Round "9"]
[White "Kvon, A."]
[Black "Egin, V."]
[Result "1/2-1/2"]
[WhiteElo "2426"]
[BlackElo "2444"]
[PlyCount "84"]
[EventDate "2008.04.24"]
[Source "www.chesslib.no"]
[SourceDate "2004.05.04"]

1. e4 e5 2. Nf3 Nc6 3. Bb5 a6 4. Ba4 Nf6 5. O-O Nxe4 6. d4 b5 7. Bb3 d5 8. dxe5 Be6 9. Qe2 Be7 10. Rd1 O-O 11. Be3 Na5 12. Nd4 c5 13. Nxe6 fxe6 14. Qg4 Qb6 15. c3 Nxb3 16. axb3 Rf5 17. f3 Bg5 18. Bxg5 c4+ 19. Rd4 Rxg5 20. Qf4 Rf5 21. Qe3 Nc5 22. Nd2 cxb3 23. Ra3 Nd7 24. f4 Raf8 25. g3 g5 26. Kg2 gxf4 27. gxf4 Kh8 28. Nf3 Rxf4 29. Qxf4 Rxf4 30. Rxf4 Qe3 31. Rf7 Nc5 32. Ra1 Kg8 33. Rc7 Ne4 34. Rg1 Kf8 35. Rf1 Qe2+ 36. Kg1 Ke8 37. Rg7 Qe3+ 38. Kg2 Qe2+ 39. Kg1 Qe3+ 40. Kg2 Qe2+ 41. Kg1 Qe3+ 42. Kg2 Qe2+ 1/2-1/2

[Event "Campionato indiano 2008"]
[Site "Mangalore IND"]
[Date "2008.12.28"]
[Round "11"]
[White "Deepan, C."]
[Black "Shyam, SM."]
[Result "1-0"]
[WhiteElo "2464"]
[BlackElo "2402"]
[PlyCount "75"]
[EventDate "2008.12.17"]
[Source "www.chesslib.no"]
[SourceDate "2004.05.04"]

1. e4 e5 2. Nf3 Nc6 3. Bb5 a6 4. Ba4 Nf6 5. O-O Nxe4 6. d4 b5 7. Bb3 d5 8. dxe5 Be6 9. Qe2 Be7 10. Rd1 Na5 11. Nbd2 Nxd2 12. Bxd2 Nxb3 13. axb3 O-O 14. b4 Qd7 15. h3 Rfc8 16. c3 c5 17. bxc5 Bxc5 18. Be3 Bf8 19. Nd4 g6 20. f4 h5 21. Rf1 Bc5 22. f5 Bxd4 23. fxe6 Bxe3+ 24. Qxe3 Qxe6 25. Rf6 Qe7 26. Qg5 Re8 27. e6 Qa7+ 28. Kh1 Rxe6 29. Rxe6 fxe6 30. Qxg6+ Qg7 31. Qxe6+ Qf7 32. Qd6 Kh7 33. Rd1 Re8 34. Rxd5 Re2 35. Kh2 Rxb2 36. Rc5 Qe8 37. Rc7+ Kg8 38. Qg3+ 1-0

[Event "Skopje ol (Men)"]
[Site "Skopje MKD"]
[Date "1972.10.04"]
[Round "8.1"]
[White "Robatsch, Karl"]
[Black "Ujtumen, Tudev"]
[Result "0-1"]
[WhiteElo "2460"]
[BlackElo "2400"]
[PlyCount "80"]
[EventDate "1972.09.??"]
[Source "www.chesslib.no"]
[SourceDate "2004.05.04"]

1. e4 e5 2. Nf3 Nc6 3. Bb5 a6 4. Ba4 Nf6 5. O-O Nxe4 6. d4 b5 7. Bb3 d5 8. dxe5 Be6 9. Qe2 Nc5 10. Rd1 Nxb3 11. cxb3 Na5 12. Bg5 Qd7 13. Nc3 c6 14. Rac1 h6 15. Be3 Nb7 16. Ne4 dxe4 17. Rxd7 exf3 18. Qxf3 Bxd7 19. Rxc6 Nd8 20. Rc7 Rc8 21. Rxc8 Bxc8 22. Qa8 Bb7 23. Qa7 Be7 24. Bb6 Bc8 25. Qb8 Bd7 26. Qa8 h5 27. Be3 h4 28. Qxa6 f6 29. a4 bxa4 30. bxa4 Kf7 31. b4 fxe5 32. Qe2 Ne6 33. b5 Bf6 34. a5 Nd4 35. Bxd4 exd4 36. a6 Rc8 37. f4 Bf5 38. g4 Rc1+ 39. Kf2 Rc2 40. gxf5 d3 0-1

[Event "Pau"]
[Site "?"]
[Date "1988.??.??"]
[Round "?"]
[White "Antunes, A."]
[Black "Flear, G."]
[Result "1-0"]
[WhiteElo "2390"]
[BlackElo "2470"]
[PlyCount "55"]
[EventDate "1988.??.??"]
[Source "ChessBase"]
[SourceDate "1988.07.01"]

1. e4 e5 2. Nf3 Nc6 3. Bb5 a6 4. Ba4 Nf6 5. O-O Nxe4 6. d4 b5 7. Bb3 d5 8. dxe5 Be6 9. Qe2 Bc5 10. Be3 O-O 11. Rd1 d4 12. Nc3 Nxc3 13. bxc3 dxe3 14. Rxd8 exf2+ 15. Kf1 Raxd8 16. Qe4 Ne7 17. Bxe6 fxe6 18. Ng5 Nf5 19. Ke2 Be3 20. Nf3 Rd5 21. g4 Rfd8 22. gxf5 Rd1 23. Rxd1 Rxd1 24. Qa8+ Kf7 25. fxe6+ Ke7 26. Kxe3 f1=Q 27. Qg8 Re1+ 28. Kf4 1-0

[Event "Vrnjacka Banja"]
[Site "Vrnjacka Banja YUG"]
[Date "1990.??.??"]
[Round "10"]
[White "Matulovic, Milan"]
[Black "Kolev, Atanas"]
[Result "1/2-1/2"]
[WhiteElo "2435"]
[BlackElo "2425"]
[PlyCount "51"]
[EventDate "1990.04.??"]
[Source "www.chesslib.no"]
[SourceDate "2004.05.04"]

1. e4 e5 2. Nf3 Nc6 3. Bb5 a6 4. Ba4 Nf6 5. O-O Nxe4 6. d4 b5 7. Bb3 d5 8. dxe5 Be6 9. Qe2 Be7 10. Rd1 O-O 11. c4 bxc4 12. Bxc4 Bc5 13. Be3 Bxe3 14. Qxe3 Qb8 15. Bb3 Na5 16. Nbd2 Qa7 17. Qxa7 Rxa7 18. Rac1 c5 19. Nxe4 Nxb3 20. axb3 dxe4 21. Nd2 e3 22. fxe3 Rb7 23. Ne4 Rxb3 24. Nxc5 Rxe3 25. Re1 Rxe1+ 26. Rxe1 1/2-1/2

[Event "FRG-ch 20th"]
[Site "Bad Neuenahr"]
[Date "1989.??.??"]
[Round "?"]
[White "Hort, Vlastimil"]
[Black "Blauert, Joerg"]
[Result "1/2-1/2"]
[WhiteElo "2580"]
[BlackElo "2275"]
[PlyCount "61"]
[EventDate "1989.??.??"]
[Source "ChessBase"]

1. e4 e5 2. Nf3 Nc6 3. Bb5 a6 4. Ba4 Nf6 5. O-O Nxe4 6. d4 b5 7. Bb3 d5 8. dxe5 Be6 9. Qe2 Be7 10. Rd1 O-O 11. c4 bxc4 12. Bxc4 Bc5 13. Be3 Bxe3 14. Qxe3 Qb8 15. Bb3 Na5 16. Nbd2 Qa7 17. Nd4 Nxd2 18. Qxd2 Qb6 19. Bc2 Nc4 20. Qe2 c5 21. Nf3 Rad8 22. Bd3 Bg4 23. Bxh7+ Kxh7 24. Ng5+ Kg8 25. Qxg4 Nxe5 26. Qf5 Ng6 27. Rxd5 Qxb2 28. Rad1 Rxd5 29. Qxd5 Qe5 30. g3 c4 31. Ne4 1/2-1/2

[Event "CSR Team Ch"]
[Site "Czekhoslovakia"]
[Date "1992.??.??"]
[Round "?"]
[White "Lanc, Alois"]
[Black "Votava, Jan"]
[Result "1-0"]
[WhiteElo "2470"]
[BlackElo "2385"]
[PlyCount "79"]
[EventDate "1992.??.??"]
[Source "www.chesslib.no"]
[SourceDate "2004.05.04"]

1. e4 e5 2. Nf3 Nc6 3. Bb5 a6 4. Ba4 Nf6 5. O-O Nxe4 6. d4 b5 7. Bb3 d5 8. dxe5 Be6 9. Qe2 Be7 10. Rd1 O-O 11. c4 bxc4 12. Bxc4 Bc5 13. Be3 Bxe3 14. Qxe3 Qb8 15. Bb3 Qb6 16. Qxb6 cxb6 17. Na3 Rfd8 18. Nc2 Na5 19. Ncd4 Nc4 20. Rab1 Rac8 21. h3 Kf8 22. Bc2 Ke7 23. Bd3 b5 24. Re1 Nc5 25. Bf1 f6 26. exf6+ Kxf6 27. h4 Re8 28. Nxe6 Rxe6 29. Red1 Rd6 30. g3 Na4 31. Rd4 Ncxb2 32. Rf4+ Ke7 33. Re1+ Kd8 34. Rf8+ Kc7 35. Re7+ Kb8 36. Rff7 Nc5 37. Nd4 Rg6 38. Nb3 Rd6 39. Bh3 Nxb3 40. Rb7+ 1-0

[Event "Vrnjacka Banja"]
[Site "Vrnjacka Banja YUG"]
[Date "1990.??.??"]
[Round "1"]
[White "Matulovic, Milan"]
[Black "Todorovic, Goran M"]
[Result "1-0"]
[WhiteElo "2435"]
[BlackElo "2415"]
[PlyCount "53"]
[EventDate "1990.04.??"]
[Source "www.chesslib.no"]
[SourceDate "2004.05.04"]

1. e4 e5 2. Nf3 Nc6 3. Bb5 a6 4. Ba4 Nf6 5. O-O Nxe4 6. d4 b5 7. Bb3 d5 8. dxe5 Be6 9. Qe2 Be7 10. Rd1 Nc5 11. Nc3 Nxb3 12. cxb3 O-O 13. h3 Na5 14. Nd4 c5 15. Nxe6 fxe6 16. Qg4 Qc8 17. Bh6 Rf7 18. Nxd5 exd5 19. e6 Kh8 20. exf7 Qxg4 21. hxg4 gxh6 22. Rxd5 Kg7 23. Rd7 Kxf7 24. Re1 Re8 25. Rc7 b4 26. g3 c4 27. Re5 1-0

[Event "Zetters"]
[Site "Birmingham ENG"]
[Date "1975.03.30"]
[Round "4"]
[White "Matulovic, Milan"]
[Black "Corden, Martyn J"]
[Result "1-0"]
[WhiteElo "2530"]
[BlackElo "2315"]
[PlyCount "67"]
[EventDate "1975.03.27"]
[Source "www.chesslib.no"]
[SourceDate "2004.05.04"]

1. e4 e5 2. Nf3 Nc6 3. Bb5 a6 4. Ba4 Nf6 5. O-O Nxe4 6. d4 b5 7. Bb3 d5 8. dxe5 Be6 9. Qe2 Be7 10. Rd1 O-O 11. c3 Qd7 12. Nd4 Nxd4 13. cxd4 f6 14. f3 Ng5 15. Nc3 c6 16. a4 fxe5 17. dxe5 d4 18. Bxe6+ Nxe6 19. Ne4 c5 20. axb5 axb5 21. Rxa8 Rxa8 22. f4 Rf8 23. Qg4 c4 24. f5 Nc5 25. Bh6 g6 26. Bxf8 Kxf8 27. Rf1 Ke8 28. e6 Qd5 29. Nxc5 Bxc5 30. fxg6 d3+ 31. Kh1 hxg6 32. Qxg6+ Kd8 33. Rf7 Kc8 34. e7 1-0

[Event "ISR-chT"]
[Site "Israel"]
[Date "1996.??.??"]
[Round "6"]
[White "Liberzon, Vladimir M"]
[Black "Bykhovsky, Avigdor"]
[Result "0-1"]
[WhiteElo "2435"]
[BlackElo "2405"]
[PlyCount "64"]
[EventDate "1996.??.??"]
[Source "ChessBase"]

1. e4 e5 2. Nf3 Nc6 3. Bb5 a6 4. Ba4 Nf6 5. O-O Nxe4 6. d4 b5 7. Bb3 d5 8. dxe5 Be6 9. Qe2 Bc5 10. Nbd2 Nxd2 11. Bxd2 O-O 12. c3 Bg4 13. Bf4 Qd7 14. Rad1 Ne7 15. h3 Bxf3 16. Qxf3 c6 17. Rfe1 Ng6 18. Bg3 Rae8 19. Bc2 f5 20. exf6 Rxf6 21. Qg4 Qf7 22. Rxe8+ Qxe8 23. h4 Ne5 24. Qg5 Nc4 25. b3 Qe2 26. bxc4 Bxf2+ 27. Bxf2 Qxf2+ 28. Kh2 Qxc2 29. Re1 h6 30. Re8+ Kh7 31. Qg3 Rg6 32. Qf3 bxc4 0-1

[Event "Corr"]
[Site "?"]
[Date "2000.06.15"]
[Round "?"]
[White "Sabaev Sergey Valentinovic"]
[Black "Armani Giuseppe (ITA)"]
[Result "1/2-1/2"]
[WhiteElo "2460"]
[BlackElo "2380"]
[PlyCount "67"]
[EventDate "2000.??.??"]
[Source "www.chesslib.no"]
[SourceDate "2004.05.04"]

1. e4 e5 2. Nf3 Nc6 3. Bb5 a6 4. Ba4 Nf6 5. O-O Nxe4 6. d4 b5 7. Bb3 d5 8. dxe5 Be6 9. Qe2 Be7 10. Rd1 O-O 11. c3 f5 12. exf6 Bxf6 13. a4 Qd7 14. axb5 axb5 15. Rxa8 Rxa8 16. Bc2 Nd6 17. Bg5 Kh8 18. Na3 Bxc3 19. Nxb5 Ba5 20. Ba4 Ne4 21. Be3 Nb4 22. Ne5 Qe7 23. Nc3 Qf6 24. Nc6 Nxc3 25. bxc3 Nxc6 26. Bxc6 Rd8 27. Bd4 Qg6 28. Re1 Rd6 29. Bb5 Bb6 30. Bd3 Qf7 31. Qe5 Bxd4 32. cxd4 Qf8 33. h4 Bg8 34. Qe7 1/2-1/2

[Event "New York Open"]
[Site "New York, NY USA"]
[Date "1993.??.??"]
[Round "4"]
[White "Ivanov, Alexander"]
[Black "Kotliar, Mark"]
[Result "1-0"]
[WhiteElo "2525"]
[BlackElo "2315"]
[PlyCount "79"]
[EventDate "1993.04.07"]
[Source "www.chesslib.no"]
[SourceDate "2004.05.04"]

1. e4 e5 2. Nf3 Nc6 3. Bb5 a6 4. Ba4 Nf6 5. O-O Nxe4 6. d4 b5 7. Bb3 d5 8. dxe5 Be6 9. Qe2 Bc5 10. Be3 O-O 11. Rd1 Re8 12. c4 bxc4 13. Ba4 Bxe3 14. Qxe3 Bd7 15. Rxd5 Nf6 16. Bxc6 Nxd5 17. Bxd5 Rb8 18. Nc3 Be6 19. Bc6 Rf8 20. Rd1 Qe7 21. Rd2 Rfd8 22. Nd5 Qf8 23. h3 h6 24. Qa7 Kh8 25. a4 Bd7 26. Nd4 Qe8 27. Nxc7 c3 28. Nxe8 cxd2 29. Bf3 Bxe8 30. e6 Rbc8 31. Nf5 Rc1+ 32. Kh2 d1=Q 33. Bxd1 Rcxd1 34. exf7 Bxf7 35. Qxf7 R1d7 36. Ne7 Rd6 37. Ng6+ Kh7 38. Nf8+ Kh8 39. Ne6 R6d7 40. Nxd8 1-0

[Event "Corr"]
[Site "?"]
[Date "1999.??.??"]
[Round "?"]
[White "Peli Giora"]
[Black "Hegoburu Pedro Federico"]
[Result "1-0"]
[WhiteElo "2321"]
[BlackElo "2512"]
[PlyCount "57"]
[EventDate "1999.??.??"]
[Source "www.chesslib.no"]
[SourceDate "2004.05.04"]

1. e4 e5 2. Nf3 Nc6 3. Bb5 a6 4. Ba4 Nf6 5. O-O Nxe4 6. d4 b5 7. Bb3 d5 8. dxe5 Be6 9. Qe2 Be7 10. Rd1 O-O 11. c4 bxc4 12. Bxc4 Bc5 13. Be3 Bxe3 14. Qxe3 Qb8 15. Bb3 Na5 16. Nbd2 Nxd2 17. Rxd2 Nxb3 18. axb3 Rc8 19. Rc1 Qb6 20. Rc5 Rab8 21. Rd3 Qb4 22. Qc1 Qe4 23. Rd4 Qe2 24. b4 c6 25. b3 h6 26. h3 Bd7 27. Rc3 Qb5 28. Rh4 Qb7 29. Nd4 1-0